000 00454cam a2200169ua 4500
020 _c150.00
041 _aeng
_h
082 _a028.7163C
_bISW/LA
100 _aIswaran, V .
245 _aLaborarory hand book for agricultural analysts /
_cV Iswaran.
_hTextual Documents
260 _a :
_bToday and Tomorrow`s Printers and publishers ,
_c1980.
300 _a301 ; .
365 _a150.00
504 _a
942 _cBK
999 _c10329
_d10329